000
00232 a2200097 4500
001
46560
100
_a
Mumtaz Iqbal Malik
245
_a
Nawabzada Nasrullah Khan ki Aap baithi
260
_a
Karachi
_b
Shabal
_c
090
_c
29668
_d
29668
942
_a
NUST-CAE
_c
M
_c
21855
999
_c
281633
_d
281633